[Event "Gibtelecom Masters 2005"]
[Site "Gibraltar ENG"]
[Date "2005.01.25"]
[Round "1.29"]
[White "Al Sayed, Mohamad Naser"]
[Black "Black, Richard"]
[Result "1-0"]
[WhiteElo "2463"]
[BlackElo "2235"]
[PlyCount "101"]
[EventDate "2005.01.26"]
[EventType "swiss"]
[EventRounds "10"]
[EventCountry "ENG"]
[Source "lmi"]
[SourceDate "2005.02.03"]

1. e4 g6 2. d4 d6 3. Nf3 Bg7 4. Bc4 Nf6 5. Qe2 d5 6. exd5 Nxd5 7. O-O Nb6 8.
Bb3 O-O 9. a4 a5 10. Bg5 Bf6 11. Bh6 Bg7 12. Bxg7 Kxg7 13. Nbd2 Nc6 14. c3 Bg4
15. Rfe1 e6 16. h3 Bxf3 17. Qxf3 Nd5 18. Ne4 Nf6 19. Nc5 Qc8 20. Rad1 Nd8 21.
d5 exd5 22. Bxd5 c6 23. Bxf7 Nd5 24. Ne6+ Nxe6 25. Bxe6 Qc7 26. Qd3 Rad8 27.
Bxd5 Rxd5 28. Qe3 Rxd1 29. Rxd1 Qf7 30. Rd6 Re8 31. Qd4+ Kg8 32. Rd7 Re7 33.
Rd8+ Re8 34. g3 Qe6 35. Qb6 Rxd8 36. Qxd8+ Kf7 37. Qxa5 Qe1+ 38. Kg2 Qe4+ 39.
Kh2 Qe2 40. Qb6 c5 41. Qxb7+ Kg8 42. Qc8+ Kg7 43. Qc7+ Kg8 44. Qxc5 Qxb2 45. a5
Qe2 46. c4 h5 47. Qd5+ Kg7 48. Qd4+ Kg8 49. a6 h4 50. a7 hxg3+ 51. Kxg3 1-0

[Event "Gibtelecom Masters 2005"]
[Site "Gibraltar ENG"]
[Date "2005.01.25"]
[Round "1.30"]
[White "Mohamed, Hossein Abdul"]
[Black "Radziewicz, Iweta"]
[Result "0-1"]
[WhiteElo "2233"]
[BlackElo "2459"]
[PlyCount "94"]
[EventDate "2005.01.26"]
[EventType "swiss"]
[EventRounds "10"]
[EventCountry "ENG"]
[Source "lmi"]
[SourceDate "2005.02.03"]

1. Nf3 g6 2. g3 Bg7 3. Bg2 d5 4. O-O e5 5. d3 Ne7 6. c4 c6 7. cxd5 Nxd5 8. Nc3
O-O 9. Qb3 h6 10. Nxd5 cxd5 11. Nd2 Nc6 12. Qxd5 Nd4 13. e3 Nc2 14. Rb1 Be6 15.
Qc5 Rc8 16. Qxa7 Qxd3 17. Be4 Qd7 18. Nb3 Bh3 19. Bd2 f5 20. Bg2 Bxg2 21. Kxg2
Ra8 22. Qb6 Rf6 23. Qc5 Rc8 24. Qxe5 f4 25. e4 f3+ 26. Kh1 Rf5 27. Qxg7+ Kxg7
28. exf5 Qxf5 29. Bc3+ Kg8 30. Rbd1 b5 31. a3 Qe6 32. Nc1 g5 33. Nd3 Qe2 34.
Nc1 Qe6 35. Nd3 Nxa3 36. Nb4 Nc4 37. Nd5 Kf7 38. Rfe1 Qd7 39. Rd3 g4 40. Rd4
Re8 41. Rf4+ Kg6 42. Rxe8 Qxe8 43. Rxg4+ Kf5 44. Rf4+ Kg6 45. Rf6+ Kh7 46. Rxf3
Qc6 47. Rf7+ Kg8 0-1

[Event "Gibtelecom Masters 2005"]
[Site "Gibraltar ENG"]
[Date "2005.01.25"]
[Round "1.31"]
[White "Skripchenko, Almira"]
[Black "Van Eijk, Sander"]
[Result "1-0"]
[WhiteElo "2459"]
[BlackElo "2216"]
[PlyCount "81"]
[EventDate "2005.01.26"]
[EventType "swiss"]
[EventRounds "10"]
[EventCountry "ENG"]
[Source "lmi"]
[SourceDate "2005.02.03"]

1. e4 c5 2. Nf3 Nc6 3. Bb5 d6 4. O-O Bd7 5. Re1 Nf6 6. c3 a6 7. Bf1 e5 8. h3 g5
9. d4 h6 10. Nbd2 cxd4 11. cxd4 g4 12. hxg4 Bxg4 13. Qb3 Qe7 14. d5 Nd8 15. a4
Bg7 16. Nc4 O-O 17. Nh2 Bh5 18. Bd2 Bg6 19. Bd3 b5 20. axb5 Nb7 21. bxa6 Nc5
22. Qc2 Nxd5 23. b4 Nxd3 24. Qxd3 Nf6 25. Nb6 d5 26. Nxd5 Nxd5 27. Qxd5 Rfd8
28. Qa2 Qd7 29. Nf1 Qd4 30. Qb1 Qc4 31. b5 Rdb8 32. Ra5 Bf8 33. Qb2 Bd6 34. Rc1
Qxe4 35. b6 Qd3 36. a7 Rb7 37. Be3 Kh7 38. Nd2 e4 39. Nc4 Bc7 40. Rb5 Qd7 41.
Na5 1-0

[Event "Gibtelecom Masters 2005"]
[Site "Gibraltar ENG"]
[Date "2005.01.25"]
[Round "1.32"]
[White "Fossum, Oystein Boyum"]
[Black "Lahno, Katerina"]
[Result "0-1"]
[WhiteElo "2214"]
[BlackElo "2454"]
[PlyCount "110"]
[EventDate "2005.01.26"]
[EventType "swiss"]
[EventRounds "10"]
[EventCountry "ENG"]
[Source "lmi"]
[SourceDate "2005.02.03"]

1. c4 Nf6 2. g3 g6 3. Bg2 Bg7 4. Nc3 O-O 5. e3 d6 6. Nge2 Nc6 7. O-O e5 8. d4
Bf5 9. d5 Ne7 10. e4 Bd7 11. f3 a5 12. Be3 b6 13. b3 Nh5 14. Qd3 f5 15. Bf2 g5
16. exf5 Bxf5 17. Ne4 Ng6 18. N2c3 Qd7 19. Be3 g4 20. fxg4 Bxg4 21. a3 Rxf1+
22. Rxf1 Rf8 23. b4 axb4 24. axb4 Ne7 25. Rxf8+ Bxf8 26. Qf1 Nf5 27. Bd2 Qg7
28. Qf2 Nd4 29. h3 Bf5 30. Kh2 Be7 31. Be3 Bd7 32. Qa2 Qf8 33. Qb1 Ng7 34. Qd1
Ngf5 35. Bf2 Qh6 36. Qd3 Qc1 37. Ne2 Qc2 38. Qxc2 Nxc2 39. g4 Nfe3 40. c5 Nxg2
41. Kxg2 Nxb4 42. cxb6 cxb6 43. Bxb6 Nxd5 44. Ba7 Bc6 45. Kg3 Kf7 46. h4 Nc7
47. Nf2 Nb5 48. Bb8 Ke6 49. g5 Kd7 50. Kg4 Kc8 51. Bxd6 Nxd6 52. Ng3 Kd7 53. h5
Ke6 54. Nd3 Bb5 55. Nf2 Bd7 0-1

[Event "Gibtelecom Masters 2005"]
[Site "Gibraltar ENG"]
[Date "2005.01.25"]
[Round "1.33"]
[White "Arakhamia Grant, Ketevan"]
[Black "Van den Bersselaar, Jeroen"]
[Result "1-0"]
[WhiteElo "2454"]
[BlackElo "2211"]
[PlyCount "111"]
[EventDate "2005.01.26"]
[EventType "swiss"]
[EventRounds "10"]
[EventCountry "ENG"]
[Source "lmi"]
[SourceDate "2005.02.03"]

1. e4 e5 2. Nf3 Nc6 3. Bc4 Nf6 4. d3 Be7 5. O-O O-O 6. Re1 d6 7. c3 Na5 8. Bb5
a6 9. Ba4 c5 10. Nbd2 Qc7 11. Nf1 Be6 12. Ng3 Nc6 13. h3 b5 14. Bc2 d5 15. Ng5
d4 16. Nxe6 fxe6 17. Bb3 Qd7 18. a4 Na5 19. axb5 Nxb3 20. Qxb3 axb5 21. Rxa8
Rxa8 22. Bd2 Qc6 23. cxd4 exd4 24. Rc1 Qa6 25. Ne2 Rc8 26. Qc2 e5 27. b3 Ra8
28. f4 Nd7 29. b4 Qe6 30. bxc5 Ra2 31. Qd1 Nxc5 32. Bb4 Qb3 33. Qxb3+ Nxb3 34.
Rc8+ Kf7 35. Rc7 Rxe2 36. Rxe7+ Kg6 37. Rxe5 Nc1 38. Rg5+ Kf7 39. Rf5+ Kg6 40.
Rd5 Nxd3 41. f5+ Kf6 42. Rxd4 Nf4 43. Bc3 Ke7 44. Bd2 Rxg2+ 45. Kf1 Rg1+ 46.
Kxg1 Ne2+ 47. Kf2 Nxd4 48. Bc3 Nb3 49. Bxg7 Nc5 50. Ke3 b4 51. Bd4 Nb3 52. e5
Kf7 53. Ke4 Nd2+ 54. Kd5 b3 55. e6+ Ke8 56. f6 1-0

[Event "Gibtelecom Masters 2005"]
[Site "Gibraltar ENG"]
[Date "2005.01.25"]
[Round "1.34"]
[White "Al Tamimi, Hamad"]
[Black "Carame Gonzales, Francisco"]
[Result "1-0"]
[WhiteElo "2210"]
[BlackElo "2008"]
[PlyCount "81"]
[EventDate "2005.01.26"]
[EventType "swiss"]
[EventRounds "10"]
[EventCountry "ENG"]
[Source "lmi"]
[SourceDate "2005.02.03"]

1. e4 e6 2. d4 d5 3. Nc3 Nf6 4. e5 Nfd7 5. f4 c5 6. Nf3 Nc6 7. Be3 a6 8. Qd2 b5
9. dxc5 Bxc5 10. Bxc5 Nxc5 11. Qf2 Qb6 12. Bd3 b4 13. Ne2 a5 14. O-O Ba6 15.
Kh1 Na4 16. Qxb6 Nxb6 17. Bxa6 Rxa6 18. a3 bxa3 19. Rxa3 Kd7 20. b3 Rha8 21.
Ned4 Nxd4 22. Nxd4 g6 23. Rfa1 a4 24. Kg1 Rc8 25. bxa4 Rc4 26. a5 Rxd4 27. axb6
Rxa3 28. Rxa3 Rxf4 29. Rc3 h5 30. Rc7+ Kd8 31. c3 Rc4 32. Rxc4 dxc4 33. h4 Kd7
34. Kf2 Kc6 35. Ke3 Kxb6 36. Kd4 Kb5 37. g3 Kb6 38. Kxc4 Kc6 39. Kb4 Kb6 40. c4
g5 41. hxg5 1-0

[Event "Gibtelecom Masters 2005"]
[Site "Gibraltar ENG"]
[Date "2005.01.25"]
[Round "1.35"]
[White "Kuenitz, Klaus"]
[Black "Cazelais, Marc"]
[Result "0-1"]
[WhiteElo "1994"]
[BlackElo "2201"]
[PlyCount "112"]
[EventDate "2005.01.26"]
[EventType "swiss"]
[EventRounds "10"]
[EventCountry "ENG"]
[Source "lmi"]
[SourceDate "2005.02.03"]

1. Nf3 d5 2. d4 e6 3. c4 c6 4. e3 f5 5. g3 Nf6 6. Bg2 Bd6 7. b3 O-O 8. O-O Qe7
9. Bb2 Bd7 10. Qc1 Be8 11. Ba3 Bh5 12. Bxd6 Qxd6 13. Ne5 Nbd7 14. c5 Qe7 15.
Nxd7 Qxd7 16. Nc3 Rae8 17. f4 Qf7 18. b4 a6 19. a4 Qg6 20. b5 axb5 21. axb5
cxb5 22. Nxb5 Be2 23. Nd6 Bxf1 24. Nxe8 Qxe8 25. Bxf1 Qh5 26. Rb1 Rf7 27. Rb6
Re7 28. Kg2 h6 29. Qa3 Kf7 30. Qb3 Kg6 31. h3 Ne4 32. Qxd5 Kf7 33. Qe5 Qd1 34.
Rb2 Qe1 35. Bc4 Qxg3+ 36. Kf1 Qf3+ 37. Kg1 Qxe3+ 38. Kh2 Qg3+ 39. Kh1 Qxh3+ 40.
Kg1 Qe3+ 41. Kh2 Qg3+ 42. Kh1 Qh4+ 43. Kg2 Qf6 44. d5 Qxe5 45. fxe5 Nxc5 46. d6
Rd7 47. Rb5 Ne4 48. Ra5 Nxd6 49. exd6 Rxd6 50. Ra7 Rd7 51. Ba6 Kf6 52. Rxb7
Rxb7 53. Bxb7 g5 54. Kg3 h5 55. Bf3 g4 56. Bc6 Kg5 0-1

[Event "Gibtelecom Masters 2005"]
[Site "Gibraltar ENG"]
[Date "2005.01.25"]
[Round "1.36"]
[White "Ofstad, Per"]
[Black "Gonzalez Amaya, Milan"]
[Result "0-1"]
[WhiteElo "2202"]
[BlackElo "1931"]
[PlyCount "43"]
[EventDate "2005.01.26"]
[EventType "swiss"]
[EventRounds "10"]
[EventCountry "ENG"]
[Source "lmi"]
[SourceDate "2005.02.03"]

1. e4 e5 2. Nf3 Nf6 3. d4 Nxe4 4. Bd3 d5 5. Nxe5 Nd7 6. Nxd7 Bxd7 7. O-O Bd6 8.
c4 Qh4 9. f4 g5 10. Qe1 O-O-O 11. Qxh4 gxh4 12. Nc3 Nxc3 13. bxc3 dxc4 14. Bxc4
Rhg8 15. Bd2 Bc6 16. Rf2 Rg7 17. Bd3 Rdg8 18. Bf5+ Kd8 19. Bh3 Bxg2 20. Bxg2 h3
21. Kf1 Rxg2 22. Be3 0-1

[Event "Gibtelecom Masters 2005"]
[Site "Gibraltar ENG"]
[Date "2005.01.25"]
[Round "1.37"]
[White "Cardenas Romo, Alejandro"]
[Black "Saud, Mohamed"]
[Result "1/2-1/2"]
[WhiteElo "1921"]
[BlackElo "2198"]
[PlyCount "84"]
[EventDate "2005.01.26"]
[EventType "swiss"]
[EventRounds "10"]
[EventCountry "ENG"]
[Source "lmi"]
[SourceDate "2005.02.03"]

1. e4 c6 2. d4 d5 3. exd5 cxd5 4. c3 Nf6 5. Bd3 g6 6. Nf3 Bg7 7. O-O O-O 8. h3
Bf5 9. Bxf5 gxf5 10. Bf4 Nc6 11. Nbd2 e6 12. Ne5 Nxe5 13. Bxe5 Ne4 14. Bxg7
Kxg7 15. f3 Ng3 16. Re1 Qg5 17. Nf1 Nxf1 18. Rxf1 f4 19. Qe1 Rg8 20. h4 Qf6 21.
Qe5 Qxe5 22. dxe5 Kg6 23. Kf2 Kf5 24. Rfe1 Rg6 25. Re2 Rag8 26. Rg1 Rh6 27. Rh1
Rh5 28. Rh3 Rg6 29. c4 dxc4 30. Re4 b5 31. Rd4 Kxe5 32. Rd7 a5 33. Rxf7 b4 34.
Rc7 Kd4 35. Rh1 Kd3 36. Rc1 Re5 37. Rd7+ Rd5 38. Rc7 Kd2 39. R1xc4 Kd1 40. Rc1+
Kd2 41. R1c2+ Kd1 42. Rc1+ Kd2 1/2-1/2

[Event "Gibtelecom Masters 2005"]
[Site "Gibraltar ENG"]
[Date "2005.01.25"]
[Round "1.38"]
[White "Patterson, Roger"]
[Black "Villena Perez, Jorge"]
[Result "1/2-1/2"]
[WhiteElo "2195"]
[BlackElo "1916"]
[PlyCount "67"]
[EventDate "2005.01.26"]
[EventType "swiss"]
[EventRounds "10"]
[EventCountry "ENG"]
[Source "lmi"]
[SourceDate "2005.02.03"]

1. e4 e6 2. d4 d5 3. Nc3 Bb4 4. e5 c5 5. a3 Bxc3+ 6. bxc3 c4 7. h4 Qe7 8. h5 h6
9. Nh3 f5 10. Nf4 Qf7 11. Ng6 Rh7 12. g4 Ne7 13. Nxe7 Kxe7 14. g5 hxg5 15.
Bxg5+ Kd7 16. Be2 Nc6 17. Kd2 Kc7 18. h6 gxh6 19. Rxh6 Rxh6 20. Bxh6 Bd7 21.
Qg1 Rg8 22. Qh2 Qg6 23. Bf4 Kc8 24. Rh1 Nd8 25. Qh7 Be8 26. Qe7 Qg7 27. Qxg7
Rxg7 28. Rh8 Bf7 29. Bf3 Rg8 30. Rxg8 Bxg8 31. Ke3 Nc6 32. Bg5 Bf7 33. Kf4 Kd7
34. Ke3 1/2-1/2

[Event "Gibtelecom Masters 2005"]
[Site "Gibraltar ENG"]
[Date "2005.01.25"]
[Round "1.42"]
[White "Bergsson, Stefan"]
[Black "Nicholson, John"]
[Result "1-0"]
[WhiteElo "2163"]
[BlackElo "2026"]
[PlyCount "37"]
[EventDate "2005.01.26"]
[EventType "swiss"]
[EventRounds "10"]
[EventCountry "ENG"]
[Source "lmi"]
[SourceDate "2005.02.03"]

1. e4 c5 2. Nf3 e6 3. d4 cxd4 4. Nxd4 a6 5. Nc3 Qc7 6. Bd3 Nc6 7. Be3 Nf6 8.
O-O h5 9. h3 Nxd4 10. Bxd4 Be7 11. e5 Ng8 12. f4 g6 13. Ne4 Nh6 14. Nd6+ Kf8
15. Qf3 Rg8 16. Qf2 Bxd6 17. exd6 Qd8 18. Bb6 Qe8 19. Rae1 1-0

[Event "Gibtelecom Masters 2005"]
[Site "Gibraltar ENG"]
[Date "2005.01.25"]
[Round "1.48"]
[White "Duncanson, Henry G"]
[Black "De Andres Gonalons, Fernando"]
[Result "1-0"]
[WhiteElo "2110"]
[BlackElo "2115"]
[PlyCount "81"]
[EventDate "2005.01.26"]
[EventType "swiss"]
[EventRounds "10"]
[EventCountry "ENG"]
[Source "lmi"]
[SourceDate "2005.02.03"]

1. e4 e6 2. d4 d5 3. Nd2 Nf6 4. e5 Nfd7 5. Bd3 c5 6. c3 Nc6 7. Ne2 Qb6 8. Nf3
cxd4 9. cxd4 f6 10. Nf4 fxe5 11. dxe5 Bb4+ 12. Kf1 Nf8 13. Be3 Bc5 14. Bxc5
Qxc5 15. g3 Bd7 16. Kg2 O-O-O 17. a3 Kb8 18. Qd2 h6 19. h4 Nd4 20. Qe3 Nb3 21.
Qxc5 Nxc5 22. Nd4 Rg8 23. b4 Nxd3 24. Nxd3 b6 25. Rhc1 Rc8 26. Rxc8+ Kxc8 27.
Rc1+ Kb7 28. b5 Ng6 29. f4 Ne7 30. g4 h5 31. f5 hxg4 32. fxe6 Be8 33. Rf1 Bg6
34. Nb4 Be8 35. Kg3 Ng6 36. Nxd5 Nxe5 37. a4 a6 38. e7 Bf7 39. Rf5 Bxd5 40.
Rxe5 Bf7 41. Rf5 1-0

[Event "Gibtelecom Masters 2005"]
[Site "Gibraltar ENG"]
[Date "2005.01.25"]
[Round "1.53"]
[White "Gonzalez Nunez, Millan"]
[Black "Obers, Frits"]
[Result "0-1"]
[WhiteElo "1931"]
[BlackElo "2084"]
[PlyCount "60"]
[EventDate "2005.01.26"]
[EventType "swiss"]
[EventRounds "10"]
[EventCountry "ENG"]
[Source "lmi"]
[SourceDate "2005.02.03"]

1. e4 e6 2. d4 d5 3. exd5 exd5 4. c4 c6 5. Nf3 Nf6 6. Nc3 Be7 7. Bd3 O-O 8. O-O
Bg4 9. Re1 Re8 10. h3 Bxf3 11. Qxf3 dxc4 12. Bxc4 Qxd4 13. Bb3 Nbd7 14. Be3 Qb4
15. Rad1 Nc5 16. Rd4 Qa5 17. Bc2 Ne6 18. Rh4 Bc5 19. Qf5 Bb6 20. Bxb6 Qxf5 21.
Bxf5 axb6 22. a3 Nc5 23. Rxe8+ Rxe8 24. Kf1 g6 25. Bc2 Rd8 26. Ke2 b5 27. b4
Ne6 28. Ke3 Kg7 29. Ne4 Nd4 30. Bb1 Nf5+ 0-1

[Event "Gibtelecom Masters 2005"]
[Site "Gibraltar ENG"]
[Date "2005.01.25"]
[Round "1.55"]
[White "Matto, Manuel"]
[Black "Vea, Odin Blikra"]
[Result "0-1"]
[WhiteElo "2082"]
[BlackElo "2077"]
[PlyCount "80"]
[EventDate "2005.01.26"]
[EventType "swiss"]
[EventRounds "10"]
[EventCountry "ENG"]
[Source "lmi"]
[SourceDate "2005.02.03"]

1. d4 Nf6 2. c4 g6 3. Nc3 Bg7 4. Nf3 O-O 5. e4 d6 6. Be2 e5 7. dxe5 dxe5 8.
Qxd8 Rxd8 9. Bg5 Re8 10. Rd1 Na6 11. Bxf6 Bxf6 12. a3 Be6 13. b4 c6 14. O-O
Red8 15. c5 Nc7 16. Rd6 Ne8 17. Rxd8 Rxd8 18. Rd1 Rxd1+ 19. Nxd1 b6 20. cxb6
axb6 21. Ne3 Nd6 22. Bd3 b5 23. Kf1 Bg7 24. g4 f6 25. h3 h5 26. Kg2 hxg4 27.
hxg4 Bh6 28. g5 Bxg5 29. Nxg5 fxg5 30. Kf3 Kg7 31. Bc2 Ne8 32. a4 Nc7 33. a5
Na6 34. Ng4 Bxg4+ 35. Kxg4 Nxb4 36. Kxg5 Nxc2 37. a6 Nd4 38. f4 Ne6+ 39. Kg4
Nc7 40. fxe5 Nxa6 0-1

[Event "Gibtelecom Masters 2005"]
[Site "Gibraltar ENG"]
[Date "2005.01.25"]
[Round "1.59"]
[White "Gomez Zambrana, Pedro Alfonso"]
[Black "White, Kevin"]
[Result "0-1"]
[WhiteElo "2019"]
[BlackElo "2035"]
[PlyCount "78"]
[EventDate "2005.01.26"]
[EventType "swiss"]
[EventRounds "10"]
[EventCountry "ENG"]
[Source "lmi"]
[SourceDate "2005.02.03"]

1. Nf3 d6 2. d4 g6 3. c4 Bg7 4. Nc3 Nf6 5. e4 O-O 6. Be2 e5 7. d5 h6 8. g3 Nbd7
9. Qc2 a5 10. O-O Nc5 11. Nh4 Bh3 12. Re1 Nh7 13. Bf1 Bd7 14. Be3 Qe8 15. a3 f5
16. b4 Nxe4 17. Nxe4 fxe4 18. c5 g5 19. Ng2 Nf6 20. cxd6 cxd6 21. Qc7 Ng4 22.
Qxd6 axb4 23. Qxb4 Qh5 24. h4 gxh4 25. Nxh4 Bf6 26. Qxe4 Bxh4 27. gxh4 Ra4 28.
Qc2 Kh8 29. Bc5 Qxh4 30. Bg2 Rg8 31. f3 Qh2+ 32. Kf1 Bb5+ 33. Re2 Nf6 34. Ke1
Bxe2 35. Qxe2 Rxg2 36. Bf2 Rh4 37. Rd1 Qf4 38. Qd3 Rxf2 39. Kxf2 Ng4+ 0-1

[Event "Gibtelecom Masters 2005"]
[Site "Gibraltar ENG"]
[Date "2005.01.26"]
[Round "2.2"]
[White "Erenburg, Sergey"]
[Black "Aronian, Levon"]
[Result "0-1"]
[WhiteElo "2551"]
[BlackElo "2684"]
[PlyCount "53"]
[EventDate "2005.01.26"]
[EventType "swiss"]
[EventRounds "10"]
[EventCountry "ENG"]
[Source "lmi"]
[SourceDate "2005.02.03"]

1. e4 e5 2. Nf3 Nc6 3. Bb5 Nf6 4. O-O Nxe4 5. d4 Nd6 6. Bxc6 dxc6 7. dxe5 Nf5
8. Qxd8+ Kxd8 9. Nc3 Ne7 10. Bg5 h6 11. Rad1+ Ke8 12. Bxe7 Bxe7 13. Nd4 Bc5 14.
Ne4 Bxd4 15. Rxd4 Ke7 16. Rfd1 Re8 17. f4 b6 18. h3 Kf8 19. Kf2 Bf5 20. Kf3 f6
21. exf6 c5 22. fxg7+ Kxg7 23. Rd7+ Bxd7 24. Rxd7+ Kf8 25. Ng3 Rad8 26. Rh7 Rd2
27. f5 0-1

[Event "Gibtelecom Masters 2005"]
[Site "Gibraltar ENG"]
[Date "2005.01.26"]
[Round "2.3"]
[White "Wells, Peter K"]
[Black "Sasikiran, Krishnan"]
[Result "1/2-1/2"]
[WhiteElo "2519"]
[BlackElo "2657"]
[PlyCount "85"]
[EventDate "2005.01.26"]
[EventType "swiss"]
[EventRounds "10"]
[EventCountry "ENG"]
[Source "lmi"]
[SourceDate "2005.02.03"]

1. d4 d5 2. c4 c6 3. Nf3 Nf6 4. e3 e6 5. Nc3 Nbd7 6. Qc2 Bd6 7. b3 O-O 8. Be2
dxc4 9. bxc4 e5 10. O-O Re8 11. Rd1 Qe7 12. Rb1 Rb8 13. a4 exd4 14. exd4 Nf8
15. h3 Ng6 16. Bf1 Qc7 17. Bg5 Nh5 18. c5 Bf8 19. Be3 Nhf4 20. Re1 Bd7 21. Bc4
Ne6 22. a5 Qd8 23. Qa2 h6 24. a6 bxa6 25. Rxb8 Qxb8 26. Rb1 Qc7 27. Qxa6 Rb8
28. Ra1 Rb7 29. h4 Be7 30. g3 h5 31. Qa2 Qb8 32. Ne4 Ngf8 33. Ne5 Be8 34. Nd3
Qd8 35. Ne5 Qb8 36. Kg2 Qd8 37. d5 cxd5 38. Bxd5 Rc7 39. c6 Bf6 40. Nxf6+ gxf6
41. Nf3 Rxc6 42. Bxa7 Rd6 43. Be4 1/2-1/2

[Event "Gibtelecom Masters 2005"]
[Site "Gibraltar ENG"]
[Date "2005.01.26"]
[Round "2.4"]
[White "Georgiev, Kiril"]
[Black "Ward, Christopher"]
[Result "1-0"]
[WhiteElo "2654"]
[BlackElo "2485"]
[PlyCount "86"]
[EventDate "2005.01.26"]
[EventType "swiss"]
[EventRounds "10"]
[EventCountry "ENG"]
[Source "lmi"]
[SourceDate "2005.02.03"]

1. e4 c5 2. Nf3 d6 3. d4 cxd4 4. Nxd4 Nf6 5. Nc3 g6 6. Be3 Bg7 7. f3 Nc6 8. Qd2
O-O 9. O-O-O Nxd4 10. Bxd4 Be6 11. Kb1 Qc7 12. Nd5 Bxd5 13. exd5 Rfc8 14. Rc1
a5 15. Bb5 a4 16. c4 Nd7 17. Bxg7 Kxg7 18. h4 f6 19. g4 Nc5 20. f4 Rg8 21. Rce1
Raf8 22. h5 g5 23. fxg5 fxg5 24. h6+ Kh8 25. Qd4+ Rf6 26. Rhf1 Qd8 27. Rxe7
Qxe7 28. Qxf6+ Qxf6 29. Rxf6 Rg6 30. Rxg6 hxg6 31. Kc2 Kh7 32. Kc3 b6 33. Kb4
Nd3+ 34. Ka3 Ne5 35. c5 bxc5 36. Be2 Kxh6 37. Kxa4 Kg7 38. Kb5 Kf6 39. a4 Ke7
40. Kb6 Kd8 41. Kb7 c4 42. a5 Nd3 43. b4 Ke8 1-0

[Event "Gibtelecom Masters 2005"]
[Site "Gibraltar ENG"]
[Date "2005.01.26"]
[Round "2.5"]
[White "Cramling, Pia"]
[Black "Avrukh, Boris"]
[Result "0-1"]
[WhiteElo "2481"]
[BlackElo "2629"]
[PlyCount "77"]
[EventDate "2005.01.26"]
[EventType "swiss"]
[EventRounds "10"]
[EventCountry "ENG"]
[Source "lmi"]
[SourceDate "2005.02.03"]

1. d4 Nf6 2. Nf3 g6 3. g3 Bg7 4. Bg2 O-O 5. O-O d6 6. a4 Na6 7. Nc3 c5 8. e4
Bg4 9. Be3 Qc8 10. Qd2 Rd8 11. Rad1 Nd7 12. dxc5 dxc5 13. Qc1 Nb4 14. Bg5 Nc6
15. Rd3 h6 16. Bf4 g5 17. Be3 Nde5 18. Rxd8+ Qxd8 19. Nd2 Qc7 20. f3 Bh5 21.
Bf2 Rd8 22. Nd5 Qc8 23. Re1 e6 24. Ne3 b6 25. Nec4 Qc7 26. Re3 Qd7 27. b3 Nb4
28. Bf1 Nxc4 29. Nxc4 Bd4 30. Re2 Bxf3 31. Rd2 Bxe4 32. Qe1 Ba8 33. Bxd4 cxd4
34. Ne5 Qc7 35. Ng4 Qc5 36. Rf2 Kg7 37. Ne5 f5 38. Bc4 Nxc2 39. Qd1 0-1

[Event "Gibtelecom Masters 2005"]
[Site "Gibraltar ENG"]
[Date "2005.01.26"]
[Round "2.6"]
[White "Gormally, Daniel"]
[Black "Nakamura, Hikaru"]
[Result "1/2-1/2"]
[WhiteElo "2472"]
[BlackElo "2613"]
[PlyCount "139"]
[EventDate "2005.01.26"]
[EventType "swiss"]
[EventRounds "10"]
[EventCountry "ENG"]
[Source "lmi"]
[SourceDate "2005.02.03"]

1. e4 d5 2. exd5 Qxd5 3. Nc3 Qa5 4. d4 c6 5. Nf3 Nf6 6. Ne5 Bf5 7. Bd3 Bxd3 8.
Qxd3 Nbd7 9. Bf4 e6 10. O-O Nb6 11. a3 Nbd5 12. Nxd5 cxd5 13. b4 Qa4 14. c4
dxc4 15. Nxc4 Qd7 16. Be5 Be7 17. f4 O-O 18. f5 Ng4 19. Rad1 Rac8 20. h3 Rxc4
21. hxg4 Rfc8 22. Qe3 Rc3 23. Rd3 Rxd3 24. Qxd3 exf5 25. gxf5 f6 26. Bf4 Rd8
27. Be3 Qd5 28. Rc1 Kf8 29. Bf2 Bd6 30. Qh3 Kg8 31. Re1 Rc8 32. Qg4 b6 33. Bh4
Kf8 34. Bf2 a5 35. bxa5 bxa5 36. Qh3 Kg8 37. a4 Bb4 38. Rd1 Kh8 39. Qd3 h6 40.
Qb5 Rd8 41. Rc1 Qe4 42. Qb6 Rd5 43. Qe6 Qxf5 44. Rc8+ Kh7 45. Qg8+ Kg6 46. Qe8+
Kh7 47. Qg8+ Kg6 48. Qe8+ Kg5 49. Qe3+ Kh5 50. Rg8 Qb1+ 51. Kh2 Bd6+ 52. g3 Rg5
53. Qe2+ Kg6 54. Qe8+ Kf5 55. Qc8+ Kg6 56. Qe8+ Kf5 57. Qd7+ Ke4 58. Qc6+ Kf5
59. Qd7+ Ke4 60. Re8+ Kf3 61. Qc6+ Kg4 62. Kg2 Rf5 63. Re4+ Kg5 64. Qe8 Rxf2+
65. Kxf2 Qb2+ 66. Kf3 Qc3+ 67. Re3 Qxd4 68. Qe4 Qxe4+ 69. Rxe4 Kf5 70. g4+
1/2-1/2

[Event "Gibtelecom Masters 2005"]
[Site "Gibraltar ENG"]
[Date "2005.01.26"]
[Round "2.7"]
[White "Sargissian, Gabriel"]
[Black "Al Sayed, Mohamad Naser"]
[Result "1-0"]
[WhiteElo "2602"]
[BlackElo "2463"]
[PlyCount "87"]
[EventDate "2005.01.26"]
[EventType "swiss"]
[EventRounds "10"]
[EventCountry "ENG"]
[Source "lmi"]
[SourceDate "2005.02.03"]

1. d4 d5 2. c4 c6 3. Nf3 Nf6 4. e3 e6 5. Nc3 Nbd7 6. Qc2 Bd6 7. g4 Nxg4 8. Rg1
f5 9. h3 Ngf6 10. Rxg7 Ne4 11. Bd2 Nf8 12. Rg2 Ng6 13. O-O-O Bd7 14. Qb3 Qb6
15. h4 Nxd2 16. Kxd2 Qxb3 17. axb3 Be7 18. cxd5 cxd5 19. Bb5 Bf6 20. h5 Ne7 21.
Ne5 Nc6 22. f4 Bxe5 23. dxe5 Kf7 24. Bxc6 Bxc6 25. Rdg1 Rag8 26. Rg5 h6 27. Rg6
Rxg6 28. Rxg6 Be8 29. Ne2 Ke7 30. Rg7+ Bf7 31. Nd4 a6 32. b4 Kf8 33. Rg1 Ke7
34. b5 Bxh5 35. bxa6 bxa6 36. Ra1 Be8 37. Rxa6 Bd7 38. Ra7 Rc8 39. b4 h5 40.
Nb3 Kd8 41. Nc5 Rc7 42. Ra8+ Rc8 43. Ra6 Rc6 44. Rxc6 1-0

[Event "Gibtelecom Masters 2005"]
[Site "Gibraltar ENG"]
[Date "2005.01.26"]
[Round "2.8"]
[White "Radziewicz, Iweta"]
[Black "Efimenko, Zahar"]
[Result "0-1"]
[WhiteElo "2459"]
[BlackElo "2601"]
[PlyCount "68"]
[EventDate "2005.01.26"]
[EventType "swiss"]
[EventRounds "10"]
[EventCountry "ENG"]
[Source "lmi"]
[SourceDate "2005.02.03"]

1. d4 Nf6 2. Nf3 g6 3. c4 Bg7 4. Nc3 d6 5. Bg5 h6 6. Bh4 g5 7. Bg3 Nh5 8. e3 c5
9. dxc5 Nxg3 10. hxg3 dxc5 11. Qxd8+ Kxd8 12. O-O-O+ Nd7 13. Kc2 e6 14. g4 Ke7
15. Be2 b6 16. Nd2 Ne5 17. Nde4 Bb7 18. f3 Rhd8 19. Rde1 Rd7 20. Rhf1 Rad8 21.
f4 Nd3 22. Bxd3 Rxd3 23. Rf2 Bxc3 24. Nxc3 gxf4 25. exf4 Rg3 26. f5 Rxg4 27.
f6+ Kf8 28. Rh1 Rg6 29. Rh4 Bxg2 30. Ne2 e5 31. Rf5 Bc6 32. Nc3 Rd4 33. Rxd4
exd4 34. Nd5 Rg5 0-1

[Event "Gibtelecom Masters 2005"]
[Site "Gibraltar ENG"]
[Date "2005.01.26"]
[Round "2.9"]
[White "Lahno, Katerina"]
[Black "Spraggett, Kevin"]
[Result "0-1"]
[WhiteElo "2454"]
[BlackElo "2589"]
[PlyCount "80"]
[EventDate "2005.01.26"]
[EventType "swiss"]
[EventRounds "10"]
[EventCountry "ENG"]
[Source "lmi"]
[SourceDate "2005.02.03"]

1. e4 c5 2. Nf3 e6 3. d4 cxd4 4. Nxd4 a6 5. Bd3 Nf6 6. O-O d6 7. c4 Nbd7 8. Nc3
Qc7 9. Qe2 Be7 10. Be3 O-O 11. Rac1 Re8 12. b4 b6 13. f4 Bb7 14. a4 a5 15. bxa5
Rxa5 16. Nb3 Raa8 17. Ra1 Nc5 18. Bxc5 dxc5 19. e5 Nd7 20. Nb5 Qc6 21. a5 f5
22. exf6 Nxf6 23. Rfe1 Bd8 24. axb6 Rxa1 25. Rxa1 Bxb6 26. Re1 e5 27. Qf1 exf4
28. Rxe8+ Nxe8 29. Be2 Qe6 30. Nc1 Qe3+ 31. Kh1 Nf6 32. Nd3 g5 33. Nd6 Bc6 34.
Bf3 Bd7 35. Qb1 Bc7 36. Nb5 g4 37. Ba8 Be5 38. Qd1 Kg7 39. Nxe5 Qxe5 40. Nd6
Ba4 0-1